[Event "AUT_chT"]
[Site "2005/2006"]
[Date "2005.11.20"]
[Round "3"]
[White "Braun, Arik"]
[Black "Lendwai, Reinhard"]
[Result "1-0"]
[WhiteElo "2491"]
[BlackElo "2427"]
[PlyCount "135"]
[EventDate "2005.10.??"]
[EventType "team"]
[EventRounds "11"]
[EventCountry "AUT"]
[WhiteTeam "Hohenems"]
[BlackTeam "Sparkasse Schwarzach"]
[WhiteTeamCountry "AUT"]
[BlackTeamCountry "AUT"]

1. d4 d5 2. c4 c6 3. Nf3 Nf6 4. Nc3 a6 5. e3 b5 6. b3 Bg4 7. Be2 Nbd7 8. Bb2 e6
9. h3 Bf5 10. O-O Bb4 11. a4 bxc4 12. bxc4 O-O 13. Na2 Be7 14. Nh4 Be4 15. f3
Bg6 16. Nxg6 hxg6 17. c5 a5 18. Nc1 Nh5 19. Qd2 Ng3 20. Rd1 Qc7 21. Nd3 Bf6 22.
f4 Nxe2+ 23. Qxe2 Rfb8 24. Bc3 Rb3 25. Qc2 Rab8 26. Nc1 R3b7 27. Ra3 Bd8 28.
Nb3 Ra8 29. Rb1 Qb8 30. Nd2 Rxb1+ 31. Qxb1 Qc8 32. Rb3 Ra7 33. g4 Bc7 34. h4
Qa6 35. Qf1 Qc8 36. Rb2 Qd8 37. g5 Qa8 38. Qb1 Qc8 39. Kf2 Qa8 40. Ke2 Qc8 41.
Qd3 Qa8 42. Kd1 Qe8 43. Kc2 Kf8 44. Rb1 Ke7 45. e4 Bxf4 46. Qf3 Bc7 47. Re1 Kd8
48. Nf1 Qf8 49. Ne3 Kc8 50. Rf1 f6 51. exd5 exd5 52. Nxd5 cxd5 53. Qxd5 f5 54.
Qe6 Kd8 55. h5 f4 56. c6 Nb6 57. h6 gxh6 58. d5 Bd6 59. gxh6 Qf5+ 60. Qxf5 gxf5
61. Rg1 Rh7 62. Rg8+ Ke7 63. Rg7+ Rxg7 64. Bxg7 Kf7 65. Bd4 Nxd5 66. h7 Ne3+
67. Kd3 f3 68. Kxe3 1-0

[Event "AUT_chT"]
[Site "2005/2006"]
[Date "2005.11.20"]
[Round "3"]
[White "Grabher, Heinz"]
[Black "Ljubic, Juro"]
[Result "1-0"]
[WhiteElo "2279"]
[BlackElo "2202"]
[PlyCount "55"]
[EventDate "2005.10.??"]
[EventType "team"]
[EventRounds "11"]
[EventCountry "AUT"]
[WhiteTeam "Hohenems"]
[BlackTeam "Sparkasse Schwarzach"]
[WhiteTeamCountry "AUT"]
[BlackTeamCountry "AUT"]

1. e4 c5 2. Nf3 d6 3. d4 cxd4 4. Nxd4 Nf6 5. Nc3 g6 6. Be3 Bg7 7. f3 Nc6 8. Qd2
O-O 9. O-O-O Nxd4 10. Bxd4 Be6 11. Kb1 Qc7 12. h4 Rfc8 13. g4 Qa5 14. a3 Bc4
15. g5 Nh5 16. Bh3 Be6 17. Nd5 Qd8 18. Bxg7 Nxg7 19. Bxe6 fxe6 20. Nf4 e5 21.
Qd5+ Kh8 22. h5 gxh5 23. Nxh5 Rc5 24. Qd2 Ne6 25. g6 Qf8 26. Rdg1 Qxf3 27. Qh6
Ng5 28. Qg7# 1-0

[Event "AUT_chT"]
[Site "2005/2006"]
[Date "2005.11.20"]
[Round "3"]
[White "Pinter, Jozsef"]
[Black "Baklan, Vladimir"]
[Result "1/2-1/2"]
[WhiteElo "2530"]
[BlackElo "2601"]
[PlyCount "67"]
[EventDate "2005.10.??"]
[EventType "team"]
[EventRounds "11"]
[EventCountry "AUT"]
[WhiteTeam "Admiral Fuerstenfeld"]
[BlackTeam "Holz Dohr - Semriach"]
[WhiteTeamCountry "AUT"]
[BlackTeamCountry "AUT"]

1. d4 Nf6 2. Nf3 e6 3. c4 b6 4. Nc3 Bb4 5. Bg5 Bb7 6. e3 h6 7. Bh4 g5 8. Bg3
Ne4 9. Qc2 Bxc3+ 10. bxc3 Nxg3 11. hxg3 d6 12. Bd3 Nd7 13. a4 a5 14. Be4 Bxe4
15. Qxe4 Nf6 16. Qd3 Nd7 17. Rb1 Kf8 18. Nd2 Kg7 19. e4 Qe8 20. Rb5 Rd8 21. Nf1
f5 22. exf5 c6 23. f6+ Kxf6 24. Qf3+ Ke7 25. Qxc6 Qg6 26. Ne3 Qd3 27. Qf3 Qxc3+
28. Ke2 Qxd4 29. Rd1 Qf6 30. Qc6 Nc5 31. Rxb6 Rhf8 32. f3 Qe5 33. Rb5 Qxg3 34.
Rxa5 1/2-1/2

[Event "AUT_chT"]
[Site "2005/2006"]
[Date "2005.11.20"]
[Round "3"]
[White "Baumegger, Siegfried"]
[Black "Kosten, Anthony C"]
[Result "1/2-1/2"]
[WhiteElo "2413"]
[BlackElo "2501"]
[PlyCount "32"]
[EventDate "2005.10.??"]
[EventType "team"]
[EventRounds "11"]
[EventCountry "AUT"]
[WhiteTeam "Admiral Fuerstenfeld"]
[BlackTeam "Holz Dohr - Semriach"]
[WhiteTeamCountry "AUT"]
[BlackTeamCountry "AUT"]

1. e4 e5 2. Nf3 Nc6 3. Bb5 a6 4. Ba4 d6 5. O-O Bg4 6. h3 h5 7. Bxc6+ bxc6 8. d4
Bxf3 9. Qxf3 exd4 10. c3 Qf6 11. Qxf6 Nxf6 12. cxd4 g6 13. Nc3 Bg7 14. Be3 Kd7
15. f3 Rhe8 16. Rac1 Rab8 1/2-1/2

[Event "AUT_chT"]
[Site "2005/2006"]
[Date "2005.11.20"]
[Round "3"]
[White "Freitag, Manfred"]
[Black "Kuba, Guenter"]
[Result "1-0"]
[WhiteElo "2419"]
[BlackElo "2406"]
[PlyCount "109"]
[EventDate "2005.10.??"]
[EventType "team"]
[EventRounds "11"]
[EventCountry "AUT"]
[WhiteTeam "Holz Dohr - Semriach"]
[BlackTeam "Admiral Fuerstenfeld"]
[WhiteTeamCountry "AUT"]
[BlackTeamCountry "AUT"]

1. e4 e5 2. Nf3 Nc6 3. Bb5 Nge7 4. O-O g6 5. c3 a6 6. Ba4 Bg7 7. d4 exd4 8.
cxd4 b5 9. Bb3 O-O 10. Nc3 d6 11. h3 h6 12. Be3 Na5 13. d5 g5 14. Bd4 Ng6 15.
Bxg7 Kxg7 16. Qd4+ Qf6 17. Qxf6+ Kxf6 18. Rac1 Nf4 19. Rc2 Re8 20. Re1 Nd3 21.
Re3 Nc5 22. Nd2 Kg7 23. Rc1 Bd7 24. Bc2 Nc4 25. Nxc4 bxc4 26. b4 cxb3 27. axb3
Rab8 28. Ra1 Rb4 29. Ra3 Rd4 30. Ra1 Rb8 31. Rd1 Rxd1+ 32. Nxd1 Kf6 33. e5+ Ke7
34. Rc3 Rb4 35. Ne3 Rd4 36. Bf5 a5 37. g4 Rb4 38. Bc2 Na6 39. exd6+ Kxd6 40.
Bf5 Bb5 41. Nc2 Rf4 42. Na3 Be8 43. Re3 Bd7 44. Nc4+ Kxd5 45. Bxd7 Nc5 46. Be8
a4 47. Re5+ Kd4 48. Rxc5 Kxc5 49. Bxa4 Kd4 50. Ne3 Ke5 51. Bb5 h5 52. gxh5 Rh4
53. Be2 Rxh3 54. Bg4 Rh4 55. f3 1-0

[Event "AUT_chT"]
[Site "2005/2006"]
[Date "2005.11.20"]
[Round "3"]
[White "Wach, Markus"]
[Black "Karner, Christoph"]
[Result "1-0"]
[WhiteElo "2376"]
[BlackElo "2338"]
[PlyCount "175"]
[EventDate "2005.10.??"]
[EventType "team"]
[EventRounds "11"]
[EventCountry "AUT"]
[WhiteTeam "Admiral Fuerstenfeld"]
[BlackTeam "Holz Dohr - Semriach"]
[WhiteTeamCountry "AUT"]
[BlackTeamCountry "AUT"]

1. e4 c5 2. Nc3 Nc6 3. f4 g6 4. Nf3 Bg7 5. Bc4 e6 6. f5 Nge7 7. fxe6 dxe6 8. d3
O-O 9. a3 Nd4 10. O-O Nec6 11. Nxd4 cxd4 12. Nb1 Bd7 13. Nd2 Ne5 14. Bb3 a5 15.
a4 b5 16. axb5 Bxb5 17. Ba4 Qd7 18. b3 Rfc8 19. Bxb5 Qxb5 20. Ra4 Qc6 21. Nc4
Nxc4 22. Rxc4 Qd6 23. Ra4 Be5 24. h3 Qc5 25. Qf3 Rc7 26. Rf2 Rac8 27. Bf4 Kg7
28. Qg3 Bxf4 29. Qxf4 Qa7 30. Qe5+ Kg8 31. Rxa5 Qb6 32. Ra4 Rd7 33. Qf6 Qd8 34.
Qxd8+ Rcxd8 35. e5 Rc8 36. Kf1 Rc5 37. Re2 h5 38. Ke1 Kg7 39. h4 g5 40. hxg5
Kg6 41. Kd2 Kxg5 42. Re4 Rcd5 43. Rc4 Kf5 44. b4 h4 45. b5 Rxb5 46. Rcxd4 Rxd4
47. Rxd4 Kxe5 48. Rxh4 f5 49. g4 Rb4 50. c4 fxg4 51. Rxg4 Kd6 52. Kc3 Rb1 53.
Rg5 Rh1 54. Ra5 Rh4 55. Ra6+ Kd7 56. d4 Rg4 57. Ra7+ Kc6 58. Ra6+ Kd7 59. c5
Re4 60. Ra7+ Kc6 61. Re7 Kd5 62. Rd7+ Kc6 63. Rd6+ Kc7 64. Ra6 Kd7 65. Ra7+ Kc6
66. Kd3 Re1 67. Ra6+ Kd7 68. Ra7+ Kc6 69. Rh7 Kd5 70. Rh8 Rd1+ 71. Ke3 Re1+ 72.
Kf2 Re4 73. Rd8+ Kc6 74. Kf3 Re1 75. Rd6+ Kc7 76. Kf4 Kb7 77. Kg5 e5 78. d5 e4
79. Rd7+ Kc8 80. c6 e3 81. Kf4 e2 82. Kf3 Rc1 83. Kxe2 Rc5 84. Kd3 Rc1 85. Kd4
Rh1 86. Rg7 Rh4+ 87. Kc5 Rh5 88. Kb6 1-0

[Event "AUT_chT"]
[Site "2005/2006"]
[Date "2005.11.20"]
[Round "3"]
[White "Horvath, Csaba"]
[Black "Kritz, Leonid"]
[Result "1/2-1/2"]
[WhiteElo "2545"]
[BlackElo "2561"]
[PlyCount "23"]
[EventDate "2005.10.??"]
[EventType "team"]
[EventRounds "11"]
[EventCountry "AUT"]
[WhiteTeam "Die Klagenfurter"]
[BlackTeam "Sparkasse Jenbach"]
[WhiteTeamCountry "AUT"]
[BlackTeamCountry "AUT"]

1. d4 d5 2. c4 c6 3. Nc3 Nf6 4. e3 a6 5. Qc2 g6 6. Nf3 Bg7 7. Be2 O-O 8. O-O
Be6 9. cxd5 cxd5 10. Qb3 Ra7 11. Ne5 Ne4 12. Rd1 1/2-1/2

[Event "AUT_chT"]
[Site "2005/2006"]
[Date "2005.11.20"]
[Round "3"]
[White "Lehner, Oliver"]
[Black "Pilaj, Herwig"]
[Result "1/2-1/2"]
[WhiteElo "2408"]
[BlackElo "2403"]
[PlyCount "24"]
[EventDate "2005.10.??"]
[EventType "team"]
[EventRounds "11"]
[EventCountry "AUT"]
[WhiteTeam "Sparkasse Jenbach"]
[BlackTeam "Die Klagenfurter"]
[WhiteTeamCountry "AUT"]
[BlackTeamCountry "AUT"]

1. e4 e6 2. d4 d5 3. Nd2 c5 4. Ngf3 Nf6 5. e5 Ne4 6. c3 Nc6 7. Bb5 Bd7 8. Qe2
a6 9. Bd3 Nxd2 10. Bxd2 cxd4 11. Nxd4 Nxd4 12. cxd4 Qb6 1/2-1/2

[Event "AUT_chT"]
[Site "2005/2006"]
[Date "2005.11.20"]
[Round "3"]
[White "Horvath, Jozsef"]
[Black "Schwarz, Michael"]
[Result "1/2-1/2"]
[WhiteElo "2525"]
[BlackElo "2398"]
[PlyCount "22"]
[EventDate "2005.10.??"]
[EventType "team"]
[EventRounds "11"]
[EventCountry "AUT"]
[WhiteTeam "Die Klagenfurter"]
[BlackTeam "Sparkasse Jenbach"]
[WhiteTeamCountry "AUT"]
[BlackTeamCountry "AUT"]

1. Nf3 g6 2. d4 Bg7 3. e4 d6 4. c3 Nf6 5. Bd3 O-O 6. O-O c5 7. h3 Nfd7 8. Be3
Nc6 9. Nbd2 a6 10. a3 b5 11. Rc1 e5 1/2-1/2

[Event "AUT_chT"]
[Site "2005/2006"]
[Date "2005.11.20"]
[Round "3"]
[White "Kleissl, Helmut"]
[Black "Genser, Harald"]
[Result "1/2-1/2"]
[WhiteElo "2299"]
[BlackElo "2336"]
[PlyCount "49"]
[EventDate "2005.10.??"]
[EventType "team"]
[EventRounds "11"]
[EventCountry "AUT"]
[WhiteTeam "Sparkasse Jenbach"]
[BlackTeam "Die Klagenfurter"]
[WhiteTeamCountry "AUT"]
[BlackTeamCountry "AUT"]

1. Nf3 d5 2. d4 Nf6 3. c4 e6 4. g3 Bb4+ 5. Nbd2 dxc4 6. Qc2 b5 7. a4 c6 8. Bg2
Bb7 9. O-O O-O 10. Rd1 a6 11. Ne5 Qb6 12. Ne4 Nxe4 13. Qxe4 Ra7 14. Qg4 f5 15.
Qh4 c5 16. a5 Qc7 17. Bf4 Qc8 18. d5 c3 19. bxc3 Bxc3 20. Rac1 Bxa5 21. Nd3 Bd8
22. Qh5 Bxd5 23. Rxc5 Qb7 24. Rxd5 exd5 25. Ne5 1/2-1/2

[Event "AUT_chT"]
[Site "2005/2006"]
[Date "2005.11.20"]
[Round "3"]
[White "Petschar, Kurt"]
[Black "Hoellrigl, Wilfried"]
[Result "0-1"]
[WhiteElo "2276"]
[BlackElo "2269"]
[PlyCount "82"]
[EventDate "2005.10.??"]
[EventType "team"]
[EventRounds "11"]
[EventCountry "AUT"]
[WhiteTeam "Die Klagenfurter"]
[BlackTeam "Sparkasse Jenbach"]
[WhiteTeamCountry "AUT"]
[BlackTeamCountry "AUT"]

1. d4 Nf6 2. Nf3 g6 3. Nc3 d5 4. Bf4 a6 5. Qd2 Bg7 6. Bh6 O-O 7. Bxg7 Kxg7 8.
Ne5 Nbd7 9. O-O-O c5 10. Nxd7 Bxd7 11. dxc5 Qa5 12. Nxd5 Qxa2 13. Qc3 Be6 14.
e4 Bxd5 15. exd5 Kg8 16. Qd4 Rfd8 17. c4 Rac8 18. Bd3 Qa1+ 19. Kc2 Qa4+ 20. Kb1
Rxd5 21. Bc2 Rxd4 22. Bxa4 Rxc4 23. Bb3 R4xc5 24. Rhe1 Kf8 25. g3 e6 26. f4 Ke7
27. Re2 Rd8 28. Rxd8 Kxd8 29. Rd2+ Ke7 30. Bc2 b5 31. Bd3 a5 32. Rc2 Kd6 33.
Rd2 Nd5 34. Be4 Rc4 35. Bf3 Kc5 36. Be2 Re4 37. Rc2+ Kb4 38. Rd2 a4 39. Kc2
Ne3+ 40. Kd3 Nc4 41. Rc2 f5 0-1

[Event "AUT_chT"]
[Site "2005/2006"]
[Date "2006.01.12"]
[Round "4"]
[White "Ruck, Robert"]
[Black "Horvath, Csaba"]
[Result "1/2-1/2"]
[WhiteElo "2540"]
[BlackElo "2545"]
[PlyCount "59"]
[EventDate "2005.10.??"]
[EventType "team"]
[EventRounds "11"]
[EventCountry "AUT"]
[WhiteTeam "Styria Graz - Kl.Zeitung"]
[BlackTeam "Die Klagenfurter"]
[WhiteTeamCountry "AUT"]
[BlackTeamCountry "AUT"]

1. Nf3 Nf6 2. c4 g6 3. g3 Bg7 4. Bg2 c6 5. O-O O-O 6. b3 d6 7. d4 e5 8. dxe5
dxe5 9. Ba3 Qxd1 10. Rxd1 Re8 11. Nc3 e4 12. Nd4 Nbd7 13. Rac1 h5 14. Bd6 h4
15. gxh4 Bf8 16. Bxf8 Nxf8 17. e3 Bg4 18. Rd2 Rad8 19. h3 Bh5 20. Rcc2 N8d7 21.
Nde2 Bxe2 22. Nxe2 Nc5 23. Ng3 a5 24. Kf1 Kg7 25. Ke2 Ra8 26. Rd4 Ne6 27. Rd6
Nc5 28. Rcd2 Re5 29. Rd8 Ra6 30. f4 1/2-1/2

[Event "AUT_chT"]
[Site "2005/2006"]
[Date "2006.01.12"]
[Round "4"]
[White "Shengelia, Davit"]
[Black "Horvath, Jozsef"]
[Result "1/2-1/2"]
[WhiteElo "2562"]
[BlackElo "2525"]
[PlyCount "38"]
[EventDate "2005.10.??"]
[EventType "team"]
[EventRounds "11"]
[EventCountry "AUT"]
[WhiteTeam "Styria Graz - Kl.Zeitung"]
[BlackTeam "Die Klagenfurter"]
[WhiteTeamCountry "AUT"]
[BlackTeamCountry "AUT"]

1. b3 b6 2. Bb2 Bb7 3. Nf3 e6 4. g3 Nf6 5. Bg2 Be7 6. O-O O-O 7. c4 d5 8. d4
dxc4 9. bxc4 c5 10. e3 Nbd7 11. Nc3 cxd4 12. exd4 Rc8 13. d5 exd5 14. cxd5 Bb4
15. Nb5 Bxd5 16. Nxa7 Rc5 17. a3 Bc3 18. Bxc3 Rxc3 19. Nb5 Rc5 1/2-1/2

[Event "AUT_chT"]
[Site "2005/2006"]
[Date "2006.01.12"]
[Round "4"]
[White "Brestian, Egon"]
[Black "Genser, Harald"]
[Result "1/2-1/2"]
[WhiteElo "2399"]
[BlackElo "2336"]
[PlyCount "46"]
[EventDate "2005.10.??"]
[EventType "team"]
[EventRounds "11"]
[EventCountry "AUT"]
[WhiteTeam "Styria Graz - Kl.Zeitung"]
[BlackTeam "Die Klagenfurter"]
[WhiteTeamCountry "AUT"]
[BlackTeamCountry "AUT"]

1. e4 c6 2. d4 d5 3. e5 Bf5 4. Nf3 e6 5. Be2 Nd7 6. O-O Bg6 7. b3 Nh6 8. Bxh6
gxh6 9. c4 Bg7 10. Nc3 O-O 11. Qd2 f6 12. cxd5 exd5 13. e6 Nb6 14. Bd3 Qd6 15.
Rfe1 Rae8 16. Ne2 Bxd3 17. Qxd3 Rxe6 18. Ng3 Rfe8 19. Re3 Rxe3 20. fxe3 Qe6 21.
Re1 Nc8 22. e4 Qf7 23. Nf5 dxe4 1/2-1/2

[Event "AUT_chT"]
[Site "2005/2006"]
[Date "2006.01.12"]
[Round "4"]
[White "Titz, Heimo"]
[Black "Balinov, Ilija"]
[Result "0-1"]
[WhiteElo "2268"]
[BlackElo "2455"]
[PlyCount "138"]
[EventDate "2005.10.??"]
[EventType "team"]
[EventRounds "11"]
[EventCountry "AUT"]
[WhiteTeam "Die Klagenfurter"]
[BlackTeam "Styria Graz - Kl.Zeitung"]
[WhiteTeamCountry "AUT"]
[BlackTeamCountry "AUT"]

1. Nf3 d5 2. d4 c6 3. e3 Bf5 4. Bd3 Bg6 5. O-O Nd7 6. c4 e6 7. Nc3 Ngf6 8. b3
Bd6 9. Bb2 Bh5 10. cxd5 exd5 11. h3 Qe7 12. Be2 O-O 13. Rc1 Rad8 14. Re1 Bb4
15. Nd2 Bxe2 16. Rxe2 Ne4 17. Ncxe4 dxe4 18. Nc4 Nf6 19. a3 Bd6 20. Nxd6 Qxd6
21. a4 Rfe8 22. Ra1 Nd5 23. Ba3 Qd7 24. Rc2 Re6 25. Qg4 Qe8 26. b4 a6 27. Qe2
b5 28. axb5 axb5 29. Rb1 Ra8 30. Bc1 Re7 31. Bd2 Rea7 32. Rbc1 Ra1 33. Qd1 Rxc1
34. Rxc1 Ra4 35. Qc2 Ra6 36. Qc5 Qe6 37. Bc3 Qe7 38. Qxe7 Nxe7 39. Rc2 Nd5 40.
Kf1 f5 41. Bd2 Kf7 42. Ke2 Ke6 43. h4 Kd6 44. h5 Ra1 45. Rb2 Nf6 46. Rc2 Nd5
47. Rb2 Nb6 48. Rc2 Rb1 49. Bc3 Kd5 50. Be1 Nc4 51. Bc3 Rg1 52. g3 Nb6 53. Be1
Na4 54. Rc1 Rh1 55. Rc2 Rxh5 56. f3 Rh2+ 57. Bf2 Rh1 58. fxe4+ fxe4 59. Be1 h5
60. Kd1 Rf1 61. Rh2 Rf5 62. Rh4 Nb2+ 63. Ke2 Rg5 64. Rh3 Nd3 65. Bd2 g6 66. Bc3
Kc4 67. Bd2 Rf5 68. Rh4 Rf2+ 69. Kd1 Rg2 0-1

[Event "AUT_chT"]
[Site "2005/2006"]
[Date "2006.01.12"]
[Round "4"]
[White "Balogh, Csaba"]
[Black "Boensch, Uwe"]
[Result "1-0"]
[WhiteElo "2561"]
[BlackElo "2538"]
[PlyCount "91"]
[EventDate "2005.10.??"]
[EventType "team"]
[EventRounds "11"]
[EventCountry "AUT"]
[WhiteTeam "Admiral Fuerstenfeld"]
[BlackTeam "Sparkasse Jenbach"]
[WhiteTeamCountry "AUT"]
[BlackTeamCountry "AUT"]

1. e4 c5 2. Nf3 d6 3. d4 cxd4 4. Nxd4 Nf6 5. Nc3 e6 6. g4 h6 7. h3 Nc6 8. Bg2
Bd7 9. Be3 a6 10. Qe2 Nxd4 11. Bxd4 e5 12. Be3 g5 13. O-O-O Rc8 14. Qd2 Qa5 15.
Kb1 Be7 16. Ne2 Qxd2 17. Bxd2 h5 18. f3 d5 19. exd5 Nxd5 20. Bxg5 Bc6 21. Bc1
Bh4 22. c4 Ne7 23. Nc3 f5 24. Nd5 Nxd5 25. cxd5 Bd7 26. Bf1 Kf7 27. Bd3 hxg4
28. hxg4 fxg4 29. fxg4 Bxg4 30. Rdf1+ Ke7 31. b3 Bf6 32. Rxh8 Bxh8 33. Ba3+ Kd8
34. Rf7 Rc3 35. Rf8+ Kd7 36. Bh7 Rc8 37. Rf7+ Kd8 38. Rxb7 Rc7 39. Rb8+ Rc8 40.
Rb6 Kc7 41. Bc5 a5 42. Be4 Bd7 43. Ra6 a4 44. b4 Bg7 45. Ra7+ Kd8 46. Bb6+ 1-0

[Event "AUT_chT"]
[Site "2005/2006"]
[Date "2006.01.12"]
[Round "4"]
[White "Schlosser, Philipp"]
[Black "Pinter, Jozsef"]
[Result "1-0"]
[WhiteElo "2560"]
[BlackElo "2530"]
[PlyCount "93"]
[EventDate "2005.10.??"]
[EventType "team"]
[EventRounds "11"]
[EventCountry "AUT"]
[WhiteTeam "Sparkasse Jenbach"]
[BlackTeam "Admiral Fuerstenfeld"]
[WhiteTeamCountry "AUT"]
[BlackTeamCountry "AUT"]

1. d4 Nf6 2. c4 e6 3. Nc3 Bb4 4. Qc2 O-O 5. a3 Bxc3+ 6. Qxc3 b6 7. Nf3 Bb7 8.
e3 d6 9. Be2 Nbd7 10. O-O Ne4 11. Qc2 f5 12. b4 a5 13. Bb2 Qe7 14. Rad1 axb4
15. axb4 Ndf6 16. Qb3 Bc6 17. b5 Bb7 18. Ne1 Ng5 19. Nd3 Kh8 20. f3 Nf7 21. Qc3
Rfe8 22. c5 Bd5 23. Ra1 dxc5 24. dxc5 bxc5 25. Nxc5 Nd6 26. Na6 Rec8 27. Ba3
Qd7 28. Qb4 Bb7 29. Nc5 Qe8 30. e4 Rab8 31. e5 Nd5 32. exd6 cxd6 33. Nxb7 Nxb4
34. Nxd6 Qd7 35. Bxb4 Rc2 36. Bd1 Rb2 37. Bc3 R2xb5 38. Nxb5 Qxb5 39. Bd4 e5
40. Bf2 Qb2 41. Ba4 g6 42. Bc6 Kg7 43. Ra7+ Kh6 44. Be3+ f4 45. Bf2 Rd8 46. Be4
Rd2 47. g4 1-0

[Event "AUT_chT"]
[Site "2005/2006"]
[Date "2006.01.12"]
[Round "4"]
[White "Fogarasi, Tibor"]
[Black "Kritz, Leonid"]
[Result "1/2-1/2"]
[WhiteElo "2481"]
[BlackElo "2561"]
[PlyCount "82"]
[EventDate "2005.10.??"]
[EventType "team"]
[EventRounds "11"]
[EventCountry "AUT"]
[WhiteTeam "Admiral Fuerstenfeld"]
[BlackTeam "Sparkasse Jenbach"]
[WhiteTeamCountry "AUT"]
[BlackTeamCountry "AUT"]

1. e4 c5 2. Nf3 Nc6 3. d4 cxd4 4. Nxd4 Qb6 5. Nb3 Nf6 6. Nc3 e6 7. Bd3 a6 8.
O-O d6 9. Kh1 Qc7 10. f4 b5 11. Qe2 Nb4 12. Bd2 Nxd3 13. cxd3 b4 14. Nd1 Qb7
15. Ne3 Be7 16. e5 Nd7 17. Nc4 dxe5 18. fxe5 O-O 19. Rf4 Qb5 20. Rg4 f5 21.
exf6 Nxf6 22. Rg5 Nd5 23. Re5 Qd7 24. Re4 Rb8 25. Ne5 Qe8 26. Nd4 Nf6 27. Rf4
Bd6 28. Rff1 Qh5 29. Qxh5 Nxh5 30. Rxf8+ Kxf8 31. Re1 Bc5 32. Nec6 Rb7 33.
Nxe6+ Bxe6 34. Rxe6 b3 35. axb3 Rxb3 36. Bc3 Nf4 37. Re5 Nxd3 38. Rf5+ Ke8 39.
g3 Rb6 40. Nd4 g6 41. Rd5 Rd6 1/2-1/2

[Event "AUT_chT"]
[Site "2005/2006"]
[Date "2006.01.12"]
[Round "4"]
[White "Lehner, Oliver"]
[Black "Baumegger, Siegfried"]
[Result "1/2-1/2"]
[WhiteElo "2408"]
[BlackElo "2413"]
[PlyCount "87"]
[EventDate "2005.10.??"]
[EventType "team"]
[EventRounds "11"]
[EventCountry "AUT"]
[WhiteTeam "Sparkasse Jenbach"]
[BlackTeam "Admiral Fuerstenfeld"]
[WhiteTeamCountry "AUT"]
[BlackTeamCountry "AUT"]

1. e4 e5 2. Nf3 Nc6 3. Bb5 a6 4. Ba4 Nf6 5. O-O Be7 6. Re1 b5 7. Bb3 d6 8. c3
O-O 9. h3 Na5 10. Bc2 c5 11. d4 Nd7 12. Nbd2 exd4 13. cxd4 Nc6 14. d5 Nce5 15.
Nxe5 Nxe5 16. a4 Rb8 17. axb5 axb5 18. f4 Ng6 19. Rf1 f5 20. Qh5 Bf6 21. exf5
Ne7 22. Kh2 Bb7 23. Ne4 Bxd5 24. Nxf6+ Rxf6 25. b4 Bf7 26. Qg4 Nd5 27. bxc5
dxc5 28. Rd1 c4 29. Be4 b4 30. Bxd5 Bxd5 31. Ra7 Rf7 32. Rxf7 Kxf7 33. Qh5+ Kg8
34. f6 Rb5 35. f7+ Kf8 36. Be3 Qd7 37. Qxh7 Qxf7 38. Qh8+ Qg8 39. Qh4 Qe6 40.
Bd4 Kg8 41. Re1 Qg6 42. Qd8+ Kh7 43. Qh4+ Kg8 44. Qd8+ 1/2-1/2

[Event "AUT_chT"]
[Site "2005/2006"]
[Date "2006.01.12"]
[Round "4"]
[White "Hoellrigl, Wilfried"]
[Black "Wach, Markus"]
[Result "0-1"]
[WhiteElo "2269"]
[BlackElo "2376"]
[PlyCount "116"]
[EventDate "2005.10.??"]
[EventType "team"]
[EventRounds "11"]
[EventCountry "AUT"]
[WhiteTeam "Sparkasse Jenbach"]
[BlackTeam "Admiral Fuerstenfeld"]
[WhiteTeamCountry "AUT"]
[BlackTeamCountry "AUT"]

1. e4 Nc6 2. Nf3 d6 3. d4 Nf6 4. Nc3 Bg4 5. Be2 e6 6. Be3 Be7 7. d5 exd5 8.
exd5 Bxf3 9. Bxf3 Ne5 10. Be2 Nfd7 11. f4 Ng6 12. Qd2 c5 13. O-O O-O 14. g4 Re8
15. g5 a6 16. a4 Bf8 17. Bg4 b6 18. Rae1 Rb8 19. Bf2 Rxe1 20. Rxe1 b5 21. axb5
axb5 22. b3 b4 23. Na4 Ne7 24. Qd3 g6 25. Qe4 Kh8 26. Bh3 Ng8 27. Bg3 Bg7 28.
Kh1 Nf8 29. f5 gxf5 30. Qxf5 Ng6 31. Qxf7 Qxg5 32. Qf5 Qd2 33. Qe4 Rd8 34. Be6
Nf6 35. Qe2 Qg5 36. Qe3 Qh5 37. Qd3 Ng4 38. Qf3 Nf6 39. Qxh5 Nxh5 40. Nb6 Be5
41. Re3 Rf8 42. Nc4 Nxg3+ 43. hxg3 Rf2 44. Bg4 Rxc2 45. Bf5 Rc3 46. Bxg6 hxg6
47. Kg2 Kg7 48. Rf3 g5 49. g4 Bf4 50. Kf2 Rc2+ 51. Kf1 Rc1+ 52. Kg2 Rd1 53. Nb6
Kf6 54. Kf2 Ke5 55. Ke2 Rd4 56. Rh3 Ke4 57. Rh6 Rd2+ 58. Ke1 Kf3 0-1

[Event "AUT_chT"]
[Site "2005/2006"]
[Date "2006.01.12"]
[Round "4"]
[White "Atlas, Valeri"]
[Black "Kindermann, Stefan"]
[Result "0-1"]
[WhiteElo "2480"]
[BlackElo "2535"]
[PlyCount "94"]
[EventDate "2005.10.??"]
[EventType "team"]
[EventRounds "11"]
[EventCountry "AUT"]
[WhiteTeam "Hohenems"]
[BlackTeam "Holz Dohr - Semriach"]
[WhiteTeamCountry "AUT"]
[BlackTeamCountry "AUT"]

1. e4 e6 2. d4 d5 3. Nc3 Bb4 4. e5 c5 5. a3 Bxc3+ 6. bxc3 Ne7 7. Qg4 O-O 8. Bd3
f5 9. exf6 Rxf6 10. Bg5 Rf7 11. Qh5 g6 12. Qd1 Qa5 13. Bd2 Nbc6 14. Nf3 Qc7 15.
dxc5 e5 16. Be2 Bg4 17. O-O Bxf3 18. Bxf3 e4 19. Bg4 Nf5 20. Be3 Nxe3 21. fxe3
Rxf1+ 22. Qxf1 Qe7 23. Qf4 Ne5 24. Rf1 Re8 25. h4 h5 26. Bh3 Kg7 27. a4 Nc4 28.
Rb1 Qxc5 29. Rxb7+ Re7 30. Rxe7+ Qxe7 31. Kf2 a5 32. Qg5 Qxg5 33. hxg5 Nb6 34.
Be6 Nxa4 35. Bxd5 Nxc3 36. Bc4 a4 37. Ke1 a3 38. Kd2 a2 39. Bxa2 Nxa2 40. c3
Kf7 41. Kc2 Ke6 42. Kb2 Kd5 43. Kxa2 Kc4 44. Kb2 Kd3 45. c4 Kxc4 46. Kc2 h4 47.
Kd2 Kb3 0-1

[Event "AUT_chT"]
[Site "2005/2006"]
[Date "2006.01.12"]
[Round "4"]
[White "Kosten, Anthony C"]
[Black "Naumann, Alexander"]
[Result "1-0"]
[WhiteElo "2501"]
[BlackElo "2532"]
[PlyCount "63"]
[EventDate "2005.10.??"]
[EventType "team"]
[EventRounds "11"]
[EventCountry "AUT"]
[WhiteTeam "Holz Dohr - Semriach"]
[BlackTeam "Hohenems"]
[WhiteTeamCountry "AUT"]
[BlackTeamCountry "AUT"]

1. c4 Nf6 2. Nf3 e6 3. Nc3 d5 4. d4 Bb4 5. cxd5 exd5 6. Bg5 h6 7. Bh4 g5 8. Bg3
Ne4 9. Nd2 Nxc3 10. bxc3 Bxc3 11. Rc1 Bb2 12. Bxc7 Qe7 13. Bd6 Qd8 14. Rc2 Bxd4
15. Nb3 Qxd6 16. Qxd4 O-O 17. h4 Nc6 18. Rxc6 bxc6 19. hxg5 Rb8 20. Qb2 d4 21.
Rxh6 Qb4+ 22. Kd1 Be6 23. e4 c5 24. g6 f6 25. Bd3 Rb7 26. Qc1 c4 27. Nxd4 Bg4+
28. Be2 c3 29. Nf5 Rd8+ 30. Ke1 c2+ 31. Kf1 Qb1 32. Bc4+ 1-0

[Event "AUT_chT"]
[Site "2005/2006"]
[Date "2006.01.12"]
[Round "4"]
[White "Novkovic, Milan"]
[Black "Freitag, Manfred"]
[Result "1-0"]
[WhiteElo "2402"]
[BlackElo "2419"]
[PlyCount "89"]
[EventDate "2005.10.??"]
[EventType "team"]
[EventRounds "11"]
[EventCountry "AUT"]
[WhiteTeam "Hohenems"]
[BlackTeam "Holz Dohr - Semriach"]
[WhiteTeamCountry "AUT"]
[BlackTeamCountry "AUT"]

1. d4 Nf6 2. Nf3 g6 3. c4 Bg7 4. Nc3 O-O 5. Bg5 d6 6. e3 Nbd7 7. Be2 c6 8. Qc2
a6 9. O-O b5 10. b3 b4 11. Na4 c5 12. Rad1 Qc7 13. d5 Nb6 14. Nxb6 Qxb6 15. Nd2
a5 16. h3 a4 17. f4 axb3 18. axb3 Ra7 19. e4 Ne8 20. Nf3 e6 21. Bd3 exd5 22.
exd5 f5 23. Rde1 Bc3 24. Re2 Nf6 25. Bh4 Rg7 26. Be1 Nxd5 27. cxd5 c4+ 28. Rff2
cxd3 29. Qxd3 Bf6 30. Qd2 Bc3 31. Qe3 Qxe3 32. Rxe3 Bxe1 33. Nxe1 Rb7 34. Ra2
Kf7 35. Nc2 Bd7 36. Ra6 Rc8 37. Nd4 Rc1+ 38. Kf2 Rd1 39. Nf3 h6 40. Rxd6 Bb5
41. Ree6 g5 42. fxg5 f4 43. Rf6+ Ke7 44. Rde6+ Kd8 45. Rxf4 1-0